000 01100nmm a2200301 a 4500
001 ocm0001683109
003 TR-IsHL
005 20201028165625.0
008 171111s2017 tu tur
007 cr cn
020 _a97860520151408
035 _a1683109
_b(N$T)
050 0 4 _aZ701.3.D54
_bC35 2017
090 0 4 _aZ701.3.D54
_bC35 2017
100 1 _aÇakmak, Tolga
245 1 0 _aKültürel bellek kurumlarında dijitalleştirme ve dijital koruma politikaları
_h[electronic resource] /
_cTolga Çakmak
260 _aİstanbul :
_bHiperyayın,
_c2017
300 _a144 p.
500 _aKaynakça var.
_x
650 4 _aGenel Çalışmalar
650 4 _aGeneral Works
650 0 _aKütüphane materyalleri
_x Dijitalleştirme
650 0 _aLibrary materials
_x Digitization
650 0 _aArşiv materyalleri
_x Dijitalleştirme
650 0 _aArchival materials
_x Digitization
650 7 _aLANGUAGE ARTS & DISCIPLINES / Library & Information Science / General
_2bisacsh
856 4 0 _uhttp://search.ebscohost.com/login.aspx?direct=true&scope=site&db=e011xww&AN=1683109
999 _c15917
_d15917